000 00513nam a2200193Ia 4500
003 LK-CoDNM
008 010623t1993 xxu||||| |||| 00| 1 sin d
040 _aLK-CoDNM
_dLK-CoDNM
_eLK-CoDNM
041 _asin
080 _a(x)398.6 DEV
100 _aDevapriya, Sirisena
245 _aජනප්‍ර‍වාද සහ ජනවහර
246 _aJanapravaada haa janavahar
260 _bAuthor
_aNuwara-Eliya
_c1993
300 _b76, 21.5 cm
650 _aCulture
650 _aFalklore
942 _cBK
999 _c116094
_d116094